|
|
|
|
| LEADER |
00000nab a2200000 a 4500 |
| 001 |
vtls000525055 |
| 003 |
SK-MaSNL |
| 005 |
20260304032142.0 |
| 008 |
140422c1994 xo 0 slo |
| 015 |
|
|
|a SNBRB19rr/mm-uuuuu
|
| 035 |
|
|
|a CL0525193
|
| 040 |
|
|
|a SNKBUCL
|b slo
|c SNKBUCL
|e AACR2
|
| 041 |
0 |
|
|a slo
|
| 044 |
|
|
|a xo
|c SK
|
| 080 |
|
|
|a 82.09:885.4-3(048)
|2 1981
|
| 080 |
|
|
|a 885.4-3(048)
|2 1981
|
| 100 |
1 |
|
|a Sulík, Ivan,
|d 1943-2021
|4 aut
|9 223328
|
| 245 |
1 |
0 |
|a Referovanie (skoro) o ničom
|c Ivan Sulík
|
| 650 |
0 |
7 |
|a slovenské romány
|2 snkbucl
|9 103163
|
| 655 |
|
7 |
|a články z novín a časopisov
|2 snkbucl
|9 267496
|
| 655 |
|
7 |
|a články z odboru literárna veda a krásna literatúra
|2 snkbucl
|9 770045
|
| 655 |
|
7 |
|a recenzie
|2 snkbucl
|9 21907
|
| 773 |
0 |
|
|t Literárny týždenník
|g Roč. 7, č. 28 (1994), s. 5
|
| 787 |
0 |
8 |
|i Rec.:
|a Jarunková, Klára
|t Nízka oblačnosť
|d Bratislava : Slovenský spisovateľ, 1993
|
| 850 |
|
|
|a Slovenská národná knižnica
|
| 852 |
|
|
|a Slovenská národná knižnica
|
| 958 |
|
|
|a RK
|
| 958 |
|
|
|a LX
|
| 999 |
|
|
|c 2641547
|d 2643477
|